Science Quiz

Random Science or Biology Quiz

Mammals of Europe Quiz Stats

 Plays Quiz Updated Jul 11, 2017

Support Sporcle.
Go Orange.
Score 0/20 Timer 10:00
22 Plays Today
% Correct
crested porcupine
89.9%
European hedgehog
88.5%
common rabbit
86%
corsac fox
85.6%
mountain hare
81.8%
Iberian lynx
79.4%
arctic fox
77.4%
Eurasian pygmy shrew
76.4%
Norway lemming
62.9%
edible dormouse
62.9%
% Correct
common noctule
62.4%
fallow deer
62%
common genet
62%
Pyrenean chamois
60.5%
roe deer
57.9%
golden jackal
57.6%
saiga antelope
56.8%
marbled polecat
56.3%
beech marten
51%
European mink
49.3%

You're not logged in!

Compare scores with friends on all Sporcle quizzes.
OR
Log In
Forgot?

From the Vault

Girl Bands

by citkeane

Sadly, Jem and the Holograms didn't quite make it onto this quiz.
Remove Ads.
Support Sporcle.
Get the best of Sporcle when you Go Orange. This ad-free experience offers more features, more stats, and more fun while also helping to support Sporcle. Thank you for becoming a member.

Show Comments

Extras

Top Quizzes Today


Score Distribution

Your Account Isn't Verified!

In order to create a playlist on Sporcle, you need to verify the email address you used during registration. Go to your Sporcle Settings to finish the process.

Report this User

Report this user for behavior that violates our Community Guidelines.

Details: